LEADER 01601nam a2200373 u 4500 001 000000034264 003 CaOOAMICUS 005 20070226112444.0 008 971127s1996 it u000 u ita u 020 $a8839903844 035 $a10777526 040 $aPUL$bita$dMSA 041 1 $aita$hger 100 1 $aKuschel, Karl-Josef.$0(OLS)http://pul/name/26453 240 10$aGeboren vor aller Zeit? : der Streit um Christi Ursprung.$lItaliano.$0(OLS)http://pul/title/47198 245 10$aGenerato prima di tutti i secoli? :$bla controversia sull'origine di Cristo /$cKarl-Josef Kuschel ; [edizione italiana a cura di Antonio Zani]. 260 $aBrescia :$bQueriniana,$c1996. 300 $a778 p. ;$c23 cm 490 1 $aBiblioteca di teologia contemporanea ;$v84 500 $aTraduzione dal tedesco di Umberto Proch. 504 $aBibliografia: p. 733-759. 650 4$aCristologia.$0(OLS)http://pul/subject/1402 700 1 $aZani, Antonio.$0(OLS)http://pul/name/11114 830 0$aBiblioteca di teologia contemporanea ;$v84.$0(OLS)http://pul/title/7472 850 $aPUL 852 $aPUL$W1$xSL Religione 3$y85$m200 BTC 1.84$j46990$nBK-PRI$b $qDDC 21$B46990$CPULBib$Z2$F46990 $82 941 1 $a9 960 $aIesus Christus$91402 960 $aIesus Christus$91402 961 $aINV: 74631 -- ordinario 983 0$aBTC. 996 $6020$a8839903844$9(OLS)http://pul/number/42987 996 $6245$aGenerato prima di tutti i secoli? :$bla controversia sull'origine di Cristo$9(OLS)http://pul/title/47199 996 $6260$aBrescia :$bQueriniana$9(OLS)http://pul/publisher/47906 LEADER 01776nam a2200409 a 4500 001 000000050232 003 CaOOAMICUS 005 20130904121534.0 008 000727s2000 it u000 u ita r 020 $a887078620X 035 $a10853071 040 $aPUL$bita 041 1 $aita$hspa 100 1 $aZambrano, María,$d1904-1991.$0(OLS)http://pul/name/23744 240 10$aDelirio y destino.$lItaliano.$0(OLS)http://pul/title/67609 245 10$aDelirio e destino /$cMaría Zambrano ; edizione completa, rivista da Rogelio Blanco Martínez e Jesús Moreno Sanz ; edizione italiana a cura di Rosella Prezzo. 260 $aMilano :$bRaffaello Cortina,$cc2000. 300 $axviii, 304 p. ;$c24 cm 490 1 $aScienza e idee 500 $aContiene indici. 504 $aBibliografia in nota. 600 14$aZambrano, María,$d1904-1991.$0(OLS)http://pul/subject/21150 700 1 $aMartínez, Rogelio Blanco.$0(OLS)http://pul/name/36226 700 1 $aPrezzo, Rosella.$0(OLS)http://pul/name/36225 700 1 $aMoreno Sanz, Jesús.$0(OLS)http://pul/name/36224 830 0$aScienza e idee (Raffaello Cortina).$0(OLS)http://pul/title/60185 850 $aPUL 852 $aPUL$W1$xSL Filosofia 1$y2$m95 I 20$j66628$nBK-PRI$b $qStampati$B66628$CPULBib$Z2$F66628 $H $81 852 $aPUL$W1$xDP1 Fondo E. Rossi$y115$m1 Z 5$j155925$a2. copia$qFondi$B155342$CPULBib$Z2$F155342 $82 941 1 $a8 941 1 $a1 961 $aINV: 82199 961 $aSul dorso collocazione ms. di E. Rossi: Z 1 0 996 $6020$a887078620X$9(OLS)http://pul/number/63557 996 $6245$aDelirio e destino$9(OLS)http://pul/title/67610 996 $6260$aMilano :$bRaffaello Cortina$9(OLS)http://pul/publisher/63509